000 00708nam a2200265Ia 4500
005 20260302114622.0
008 008 260114s9999 xx 000 0 eng d
020 _a9780755696499
037 _aTextbook
040 _aCRL
040 _beng
040 _cCRL
041 _2eng
041 _aeng
084 _qCRL
100 _aDamian Sutton and David Martin-Jones
_91119270
245 0 _aDeleuze Reframed Interpreting Key Thinkers for the Arts
260 _bBloomsbury
260 _bI.B. Tauris
260 _c2008
650 _aPhilosophy
856 _uhttps://dx.doi.org/10.5040/9780755696499?locatt=label:secondary_bloomsburyCollections
942 _cEBOOK
999 _c1683225
_d1683225